000 00455cam a22001337a 4500
008 180718b2000 xxu||||| |||| 00| 0 eng d
020 _a8123008066
082 _aA84x54 In2/2000 (R)
245 _aIndia, 2000: a reference annual
_cby Ministry of Information and Broadcasting
260 _aDelhi
_bMinistry of Information and Broadcasting
_c2000
300 _a930p.
650 _aIndia - Yearbooks
700 _aIndia. Ministry of Information and Broadcasting
999 _c391517
_d391517